Cost accounting : (Record no. 631)
[ view plain ]
| 000 -LEADER | |
|---|---|
| fixed length control field | 01381cam a2200421 a 4500 |
| 003 - CONTROL NUMBER IDENTIFIER | |
| control field | OCoLC |
| 005 - DATE AND TIME OF LATEST TRANSACTION | |
| control field | 20210616074206.0 |
| 008 - FIXED-LENGTH DATA ELEMENTS--GENERAL INFORMATION | |
| fixed length control field | 960802s1997 onca b 001 0 eng d |
| 020 ## - INTERNATIONAL STANDARD BOOK NUMBER | |
| International Standard Book Number | 0135980534 : |
| 040 ## - CATALOGING SOURCE | |
| Transcribing agency | NLC |
| 049 ## - LOCAL HOLDINGS (OCLC) | |
| Holding library | TOHA |
| 055 02 - CLASSIFICATION NUMBERS ASSIGNED IN CANADA | |
| Classification number | HF5686* |
| 055 #3 - CLASSIFICATION NUMBERS ASSIGNED IN CANADA | |
| Classification number | HF5686 C8 |
| Item number | C67 1997 |
| 090 ## - LOCALLY ASSIGNED LC-TYPE CALL NUMBER (OCLC); LOCAL CALL NUMBER (RLIN) | |
| Classification number (OCLC) (R) ; Classification number, CALL (RLIN) (NR) | 657.42 H59 1997 |
| 098 00 - OTHER CLASSIFICATION SCHEMES (OCLC) | |
| Call number based on other classification scheme | md |
| 099 ## - LOCAL FREE-TEXT CALL NUMBER (OCLC) | |
| Classification number | az |
| 245 00 - TITLE STATEMENT | |
| Title | Cost accounting : |
| Remainder of title | a managerial approach / |
| Statement of responsibility, etc. | Charles T. Horngren ... [and others]. |
| 250 ## - EDITION STATEMENT | |
| Edition statement | First Canadian edition |
| 260 ## - PUBLICATION, DISTRIBUTION, ETC. | |
| Place of publication, distribution, etc. | Scarborough, Ont. : |
| Name of publisher, distributor, etc. | Prentice Hall Canada, |
| Date of publication, distribution, etc. | c1997. |
| 300 ## - PHYSICAL DESCRIPTION | |
| Extent | 1 volumes (various pagings) : |
| Other physical details | illustrations (some color) ; |
| Dimensions | 29 cm. |
| 336 ## - CONTENT TYPE | |
| Content type term | text |
| Content type code | txt |
| Source | rdacontent |
| 337 ## - MEDIA TYPE | |
| Media type term | unmediated |
| Media type code | n |
| Source | rdamedia |
| 338 ## - CARRIER TYPE | |
| Carrier type term | volume |
| Carrier type code | nc |
| Source | rdacarrier |
| 504 ## - BIBLIOGRAPHY, ETC. NOTE | |
| Bibliography, etc. note | Includes bibliographical references and index. |
| 650 #0 - SUBJECT ADDED ENTRY--TOPICAL TERM | |
| Topical term or geographic name entry element | Cost accounting. |
| 650 #0 - SUBJECT ADDED ENTRY--TOPICAL TERM | |
| Topical term or geographic name entry element | Costs, Industrial. |
| 700 1# - ADDED ENTRY--PERSONAL NAME | |
| Personal name | Horngren, Charles T., |
| Dates associated with a name | 1926-2011 |
| 770 1# - SUPPLEMENT/SPECIAL ISSUE ENTRY | |
| Main entry heading | Harris, John K. |
| Title | Cost accounting, Student guide and review manual. |
| Qualifying information | Scarborough, Ont. : Prentice Hall Canada, c1997. |
| International Standard Book Number | 0137369433 |
| Record control number | (CaOONL) 96932524X |
| 901 ## - LOCAL DATA ELEMENT A, LDA (RLIN) | |
| a | 1268-26060 |
| 942 ## - ADDED ENTRY ELEMENTS (KOHA) | |
| Source of classification or shelving scheme | |
| Koha item type | Book |
| Suppress in OPAC | DO |
| 948 ## - LOCAL PROCESSING INFORMATION (OCLC); SERIES PART DESIGNATOR (RLIN) | |
| Series part designator, SPT (RLIN) | 27/06/1999 |
| b (OCLC) | 18/06/2001 |
| Withdrawn status | Lost status | Source of classification or shelving scheme | Damaged status | Not for loan | Permanent Location | Current Location | Shelving location | Date acquired | Total Checkouts | Full call number | Barcode | Date last seen | Price effective from | Koha item type | Public note |
|---|---|---|---|---|---|---|---|---|---|---|---|---|---|---|---|
| AU LIBRARY | AU LIBRARY | Open Shelf | 16.06.2021 | HF686 .C8C67 1997 | 28002824 | 16.06.2021 | 16.06.2021 | Book | DO |